The philosophy of environmental emotions : (Record no. 1662012)

MARC details
000 -LEADER
fixed length control field 03145cam a2200397 i 4500
008 - FIXED-LENGTH DATA ELEMENTS--GENERAL INFORMATION
fixed length control field 240814t20252025nyua ob 001 0 eng
040 ## - CATALOGING SOURCE
Original cataloging agency OCoLC-P
Language of cataloging eng
Description conventions rda
Transcribing agency OCoLC-P
020 ## - INTERNATIONAL STANDARD BOOK NUMBER
International Standard Book Number 1003490484
Qualifying information electronic book
020 ## - INTERNATIONAL STANDARD BOOK NUMBER
International Standard Book Number 9781040265956
Qualifying information electronic book
020 ## - INTERNATIONAL STANDARD BOOK NUMBER
International Standard Book Number 1040265952
Qualifying information electronic book
020 ## - INTERNATIONAL STANDARD BOOK NUMBER
International Standard Book Number 9781003490487
Qualifying information (electronic bk.)
020 ## - INTERNATIONAL STANDARD BOOK NUMBER
International Standard Book Number 9781040265949
Qualifying information (electronic bk. : PDF)
020 ## - INTERNATIONAL STANDARD BOOK NUMBER
International Standard Book Number 1040265944
Qualifying information (electronic bk. : PDF)
020 ## - INTERNATIONAL STANDARD BOOK NUMBER
Canceled/invalid ISBN 9781032790930
Qualifying information hardcover
020 ## - INTERNATIONAL STANDARD BOOK NUMBER
Canceled/invalid ISBN 9781032790909
Qualifying information paperback
024 7# - OTHER STANDARD IDENTIFIER
Standard number or code 10.4324/9781003490487
Source of number or code doi
082 00 - DEWEY DECIMAL CLASSIFICATION NUMBER
Classification number 304.201
Edition number 23/eng/20240906
245 04 - TITLE STATEMENT
Title The philosophy of environmental emotions :
Remainder of title grief, hope, and beyond /
Statement of responsibility, etc. edited by Ondřej Beran, Laura Candiotto, Niklas Forsberg, Antony Fredriksson and David Rozen.
260 ## - PUBLICATION, DISTRIBUTION, ETC.
Place of publication, distribution, etc. New York, NY :
Name of publisher, distributor, etc. Routledge,
Date of publication, distribution, etc. 2025.
264 #4 - PRODUCTION, PUBLICATION, DISTRIBUTION, MANUFACTURE, AND COPYRIGHT NOTICE
Date of production, publication, distribution, manufacture, or copyright notice ©2025
300 ## - PHYSICAL DESCRIPTION
Extent 1 online resource (xv, 320 pages) :
Other physical details illustrations.
490 1# - SERIES STATEMENT
Series statement Routledge studies in contemporary philosophy
520 ## - SUMMARY, ETC.
Summary, etc. "This volume presents new philosophical perspectives on environmental emotions. It explores the motivating nature of emotions such as anger, grief, and hope in relation to the current climate crisis. Many of our emotional responses to the climate crisis take a distressed form like anxiety, despair, or grief. However, these emotions almost always coexist with hope, drive toward action, or a strengthened sense of relationality and belonging. This book explores the different levels at which these tensions take place. Part 1 discusses the conceptual and linguistic notions we use to make sense of our ecological predicament. Part 2 looks at the embedded dimension of our emotions: how we feel about the climate crisis as members of our communities and how our emotions are interconnected with what we do and how we work in and for our communities. Several chapters in this section explicitly discuss hope. Finally, Part 3 has a phenomenological and existential focus: it explores the nature of the rootedness and how it shapes our emotional experiences during the climate crisis. The Philosophy of Environmental Emotions will appeal to scholars and graduate students working in environmental philosophy, philosophy of emotion, and environmental psychology"--
Assigning source Provided by publisher.
650 #0 - SUBJECT ADDED ENTRY--TOPICAL TERM
Topical term or geographic name entry element Emotions (Philosophy)
650 #0 - SUBJECT ADDED ENTRY--TOPICAL TERM
Topical term or geographic name entry element Human ecology
General subdivision Philosophy.
650 #0 - SUBJECT ADDED ENTRY--TOPICAL TERM
Topical term or geographic name entry element Environmentalism
General subdivision Philosophy.
700 1# - ADDED ENTRY--PERSONAL NAME
Personal name Beran, Ondřej,
Relator term editor.
Real World Object URI https://id.oclc.org/worldcat/entity/E39PBJt3RVqttKbGkhrMFXrKBP
9 (RLIN) 1470097
700 1# - ADDED ENTRY--PERSONAL NAME
Personal name Candiotto, Laura,
Dates associated with a name 1981-
Relator term editor.
Real World Object URI https://id.oclc.org/worldcat/entity/E39PBJyhhKHfRwfgrBBGGqT4MP
9 (RLIN) 1611236
700 1# - ADDED ENTRY--PERSONAL NAME
Personal name Forsberg, Niklas,
Relator term editor.
Real World Object URI https://id.oclc.org/worldcat/entity/E39PCjvcMdKgdjdRJgPYtkRvQC
9 (RLIN) 1459761
700 1# - ADDED ENTRY--PERSONAL NAME
Personal name Fredriksson, Antony,
Relator term editor.
Real World Object URI https://id.oclc.org/worldcat/entity/E39PCjDHfRPhXCFg9fHrGf9pbm
9 (RLIN) 1467529
700 1# - ADDED ENTRY--PERSONAL NAME
Personal name Rozen, David,
Titles and other words associated with a name Ph. D.,
Relator term editor.
9 (RLIN) 1611237
830 #0 - SERIES ADDED ENTRY--UNIFORM TITLE
Uniform title Routledge studies in contemporary philosophy.
856 40 - ELECTRONIC LOCATION AND ACCESS
Materials specified Click Here
Uniform Resource Identifier <a href="https://www.taylorfrancis.com/books/9781003490487">https://www.taylorfrancis.com/books/9781003490487</a>
887 ## - NON-MARC INFORMATION FIELD
Content of non-MARC field Soumen Kumar Mondal
942 ## - ADDED ENTRY ELEMENTS (KOHA)
-- BK
Holdings
Withdrawn status Lost status Damaged status Not for loan Home library Current library Shelving location Date acquired Total Checkouts Full call number Barcode Date last seen Price effective from Koha item type
        National Library of India National Library of India Online Resource 24/03/2025   304.201 EBK000056273 24/03/2025 24/03/2025 E-Books
                                                                           
web counter

Copyright ©2020 The National Library of India, Govt. of India ↔ Hosted by NVLI, MOC ↔ Technology and Design by National Library of India, Ministry of Culture, Govt. of India